000 00884cam a2200205 4500
001 3265
005 20181127170903.0
008 120130s2012 nyu 000 0 eng
010 _a 2012001666
020 _a9781594486234 (hardback)
100 0 _aGyalwang Drukpa
_bXII,
_d1963-
245 1 0 _aEveryday enlightenment :
_bthe essential guide to finding happiness in the modern world /
_cHis Holiness The Gyalwang Drukpa with Kate Adams.
260 _aNew York :
_bRiverhead Books,
_c2012.
300 _axix, 188 p. ;
_c22 cm.
520 _a""An engaging and accessible practical guide to finding happiness today, written by the leader of the second largest Buddhist sect in the world, the Gyalwang Drukpa""--
_cProvided by publisher.
650 0 _aBuddhism
_xDoctrines.
650 0 _aHappiness
_xReligious aspects
_xBuddhism.
650 0 _aReligious life
_xBuddhism.
700 1 _aAdams, Kate.
999 _c2639
_d2639